[Event "Baden Oos - Porz"]
[Site "BL 0203"]
[Date "2003.03.29"]
[Round "14.6"]
[White "Schlosser, Philipp"]
[Black "Hansen, Curt"]
[Result "1/2-1/2"]
[WhiteElo "2534"]
[BlackElo "2610"]
[PlyCount "55"]
[EventDate "2003.??.??"]

1. Nf3 c5 2. c4 Nf6 3. Nc3 e6 4. d4 cxd4 5. Nxd4 Bb4 6. g3 O-O 7. Bg2 d5 8.
cxd5 Nxd5 9. Qb3 Nc6 10. Nxc6 bxc6 11. O-O a5 12. Rd1 a4 13. Qc2 Qa5 14. Ne4
Ba6 15. a3 Be7 16. Bg5 Bxg5 17. Nxg5 g6 18. Ne4 Rab8 19. Rd2 Bb5 20. Rad1 Rfd8
21. h4 Qc7 22. h5 Qe7 23. h6 Rdc8 24. Nc5 Qg5 25. Nd7 Rb7 26. Nc5 Rbb8 27. Nd7
Rb7 28. Nc5 1/2-1/2

[Event "Baden Oos - Porz"]
[Site "BL 0203"]
[Date "2003.03.29"]
[Round "14.7"]
[White "Graf, Alexander"]
[Black "Schmaltz, Roland"]
[Result "1-0"]
[WhiteElo "2635"]
[BlackElo "2529"]
[PlyCount "47"]
[EventDate "2003.??.??"]

1. d4 Nf6 2. c4 e6 3. g3 c5 4. Nf3 cxd4 5. Nxd4 Qc7 6. Nc3 a6 7. Bg2 Qxc4 8.
O-O Qc7 9. Bg5 Nc6 10. Rc1 Be7 11. e3 O-O 12. Ne4 Qd8 13. Nxf6+ Bxf6 14. Bxf6
Qxf6 15. Qd2 Nxd4 16. Qxd4 Qxd4 17. exd4 d5 18. Rc7 Rd8 19. Rfc1 Kf8 20. Bf1
Rb8 21. R1c3 Bd7 22. Rb3 b5 23. Rbc3 Rbc8 24. Rxd7 1-0

[Event "Stuttgart - Godesberg"]
[Site "BL 0203"]
[Date "2003.03.29"]
[Round "14.1"]
[White "Breder, Dennis"]
[Black "Buhmann, Rainer"]
[Result "1/2-1/2"]
[WhiteElo "2440"]
[BlackElo "2527"]
[PlyCount "21"]
[EventDate "2003.??.??"]

1. d4 e6 2. Nf3 Nf6 3. e3 b6 4. Bd3 Bb7 5. O-O d5 6. Ne5 Be7 7. Nd2 a6 8. b3
Nbd7 9. Bb2 Nxe5 10. dxe5 Ne4 11. Nxe4 1/2-1/2

[Event "Stuttgart - Godesberg"]
[Site "BL 0203"]
[Date "2003.03.29"]
[Round "14.2"]
[White "Golubev, Mihail"]
[Black "Sprenger, Jan-Michael"]
[Result "0-1"]
[WhiteElo "2528"]
[BlackElo "2430"]
[PlyCount "92"]
[EventDate "2003.??.??"]

1. e4 c5 2. Nf3 Nc6 3. d4 cxd4 4. Nxd4 Nf6 5. Nc3 e5 6. Ndb5 d6 7. Bg5 a6 8.
Na3 b5 9. Bxf6 gxf6 10. Nd5 f5 11. exf5 Bxf5 12. c3 Bg7 13. Nc2 Be6 14. a4 O-O
15. axb5 axb5 16. Rxa8 Qxa8 17. Nce3 b4 18. Bd3 bxc3 19. O-O Bxd5 20. Nxd5 cxb2
21. Qh5 Rb8 22. Qxh7+ Kf8 23. h4 Nb4 24. Ne3 Nxd3 25. Nf5 b1=Q 26. Qxg7+ Ke8
27. Rxb1 Rxb1+ 28. Kh2 Qd5 29. Qf6 Kd7 30. Qe7+ Kc6 31. Qd8 Rb7 32. Qc8+ Kb6
33. Qd8+ Kc6 34. Qc8+ Kb6 35. Qd8+ Rc7 36. Qb8+ Qb7 37. Qd8 Qd5 38. Qb8+ Qb7
39. Qd8 Qc6 40. Ne7 Qe4 41. Qb8+ Qb7 42. Qd8 Ka7 43. Nd5 Rc5 44. Nf6 Nf4 45.
Qg8 Qe7 46. Qg7 Nh5 0-1

[Event "Stuttgart - Godesberg"]
[Site "BL 0203"]
[Date "2003.03.29"]
[Round "14.3"]
[White "Langheinrich, Ferenc"]
[Black "Jenni, Florian"]
[Result "1/2-1/2"]
[WhiteElo "2363"]
[BlackElo "2483"]
[PlyCount "67"]
[EventDate "2003.??.??"]

1. e4 e5 2. Nf3 Nc6 3. Bb5 a6 4. Ba4 Nf6 5. Qe2 b5 6. Bb3 Bc5 7. c3 O-O 8. d3
h6 9. h3 d5 10. g4 dxe4 11. dxe4 Nh7 12. Rg1 Be6 13. g5 Bxb3 14. axb3 h5 15. g6
fxg6 16. Rxg6 Rf6 17. Rxf6 Qxf6 18. b4 Bb6 19. Be3 Bxe3 20. fxe3 Ng5 21. Nbd2
Nxf3+ 22. Qxf3 Qg6 23. Ke2 Rf8 24. Qh1 Kh7 25. Rg1 Qe6 26. Rf1 Rf6 27. Qg2 Rxf1
28. Qxf1 Ne7 29. Qf8 Qf6 30. Qe8 Ng6 31. Nf3 Kh6 32. h4 Nxh4 33. Qh8+ Kg6 34.
Qe8+ 1/2-1/2

[Event "Stuttgart - Godesberg"]
[Site "BL 0203"]
[Date "2003.03.29"]
[Round "14.4"]
[White "Schmittdiel, Eckhard"]
[Black "Jackelen, Thomas"]
[Result "0-1"]
[WhiteElo "2491"]
[BlackElo "2415"]
[PlyCount "64"]
[EventDate "2003.??.??"]

1. Nf3 Nf6 2. c4 c6 3. b3 d5 4. Bb2 Bg4 5. d3 Bxf3 6. gxf3 d4 7. f4 e6 8. Nd2
Nh5 9. e3 dxe3 10. fxe3 Qh4+ 11. Ke2 Ng3+ 12. hxg3 Qxh1 13. Nf3 Nd7 14. Qe1 Nf6
15. g4 Nxg4 16. Qg3 Qh5 17. Bh3 Nf6 18. f5 exf5 19. Qe5+ Be7 20. Ba3 O-O 21.
Bxe7 Qxh3 22. Rg1 Ne8 23. Bxf8 Kxf8 24. Qc5+ Kg8 25. Qe7 Rb8 26. Ne5 Qh5+ 27.
Kd2 h6 28. Kc3 f4 29. Nd7 Qa5+ 30. Kd4 Rd8 31. Ke4 Qc7 32. Qf8+ Kh7 0-1

[Event "Stuttgart - Godesberg"]
[Site "BL 0203"]
[Date "2003.03.29"]
[Round "14.5"]
[White "Schmidt, Bodo"]
[Black "Zeller, Frank"]
[Result "1-0"]
[WhiteElo "2360"]
[BlackElo "2454"]
[PlyCount "53"]
[EventDate "2003.??.??"]

1. d4 Nf6 2. Nf3 e6 3. e3 b6 4. Bd3 Bb7 5. O-O c5 6. c4 g6 7. Nc3 Bg7 8. d5
exd5 9. cxd5 Nxd5 10. Nxd5 Bxd5 11. Bxg6 hxg6 12. Qxd5 Nc6 13. e4 Qf6 14. Bd2
Qxb2 15. e5 O-O 16. Bf4 Qb4 17. g3 Qa4 18. Qxd7 Rfe8 19. Rae1 Re7 20. Qh3 Rae8
21. Re3 Nxe5 22. Ng5 Qd7 23. Qh7+ Kf8 24. Ne4 Ng4 25. Bd6 Nxe3 26. fxe3 Qg4 27.
Nf6 1-0

[Event "Stuttgart - Godesberg"]
[Site "BL 0203"]
[Date "2003.03.29"]
[Round "14.6"]
[White "Duppel, Matthias"]
[Black "Philipowski, Robert"]
[Result "1-0"]
[WhiteElo "2440"]
[BlackElo "2299"]
[PlyCount "105"]
[EventDate "2003.??.??"]

1. Nf3 d5 2. c4 c6 3. d4 Nf6 4. e3 Bf5 5. Nc3 e6 6. Qb3 Qb6 7. c5 Qc7 8. Nh4
Nbd7 9. Nxf5 exf5 10. Qc2 g6 11. b4 Bg7 12. Bd3 Ne4 13. Rb1 O-O 14. Ne2 Rfe8
15. O-O Ndf6 16. b5 Ng4 17. g3 Ng5 18. Kg2 h5 19. Rb3 Qc8 20. h3 Nf6 21. Bd2 h4
22. gxh4 Ne6 23. f4 Nh5 24. Ng3 Nxg3 25. Kxg3 Qd8 26. bxc6 bxc6 27. Rg1 Rb8 28.
h5 Qf6 29. Kh2 Nf8 30. Rg3 Kh7 31. Ba5 Ne6 32. hxg6+ fxg6 33. h4 Rxb3 34. axb3
Rh8 35. Rh3 Kg8 36. Be1 Bf8 37. h5 Ng7 38. hxg6 Rxh3+ 39. Kxh3 Qxg6 40. Qe2 Be7
41. b4 Kf8 42. Kh2 Bd8 43. Qf3 Bc7 44. b5 cxb5 45. Bxb5 Qe6 46. Ba4 Ne8 47. Bh4
Qh6 48. Qh3 Qe6 49. Bg5 Ba5 50. Qh8+ Kf7 51. Bh6 Qe7 52. Qh7+ Ke6 53. Qg8+ 1-0

[Event "Stuttgart - Godesberg"]
[Site "BL 0203"]
[Date "2003.03.29"]
[Round "14.8"]
[White "Heinatz, Thomas"]
[Black "Lotzien, Hans"]
[Result "1-0"]
[WhiteElo "2315"]
[BlackElo "2231"]
[PlyCount "79"]
[EventDate "2003.??.??"]

1. e4 e5 2. Nf3 Nc6 3. Nc3 Bc5 4. Nxe5 Nxe5 5. d4 Bd6 6. dxe5 Bxe5 7. Bc4 Bxc3+
8. bxc3 Qf6 9. O-O Ne7 10. Qd4 Nc6 11. e5 Qe7 12. Qd5 O-O 13. f4 d6 14. Ba3 Be6
15. Qe4 Bxc4 16. Qxc4 Rfe8 17. Rab1 Na5 18. Qd5 b6 19. Rbe1 Qe6 20. Qxe6 fxe6
21. exd6 c5 22. d7 Re7 23. Bc1 Nc6 24. f5 e5 25. Rd1 h6 26. Rd6 Nd8 27. g4 Nf7
28. Rd5 Rd8 29. Rfd1 Ng5 30. Bxg5 hxg5 31. Kf2 g6 32. fxg6 Re6 33. Rd6 Rxd6 34.
Rxd6 Kf8 35. Ke3 Ke7 36. Rd5 Kf6 37. Rd6+ Ke7 38. Rd5 Kf6 39. Ke4 Kxg6 40. Kxe5
1-0

[Event "Solingen - Erfurt"]
[Site "BL 0203"]
[Date "2003.03.30"]
[Round "15.2"]
[White "Jussupow, Artur"]
[Black "Paehtz, Thomas"]
[Result "1-0"]
[WhiteElo "2622"]
[BlackElo "2459"]
[PlyCount "77"]
[EventDate "2003.??.??"]

1. d4 Nf6 2. c4 d6 3. Nc3 Nbd7 4. e4 e5 5. Nf3 g6 6. g3 Bg7 7. Bg2 a6 8. O-O
O-O 9. Be3 b5 10. Nd2 exd4 11. Bxd4 Rb8 12. Ba7 Rb7 13. Be3 Re8 14. h3 b4 15.
Ne2 Rb8 16. Qc2 Bb7 17. Rae1 c5 18. Nf4 a5 19. Nd5 a4 20. Kh1 b3 21. axb3 axb3
22. Nxb3 Nxd5 23. exd5 Bc8 24. Bg5 Nf6 25. Nd2 Bf5 26. Qc1 h5 27. Rxe8+ Qxe8
28. Bf4 Qd7 29. Kh2 Nh7 30. b3 Ra8 31. Nf3 Be4 32. Re1 f5 33. Ng5 Nxg5 34. Bxg5
Ra2 35. Kg1 Bd4 36. Be3 Qg7 37. Bxe4 fxe4 38. Bxd4 Qxd4 39. Qe3 1-0

[Event "Solingen - Erfurt"]
[Site "BL 0203"]
[Date "2003.03.30"]
[Round "15.6"]
[White "Stellwagen, Daniel"]
[Black "Voekler, Bernd"]
[Result "0-1"]
[WhiteElo "2426"]
[BlackElo "2382"]
[PlyCount "122"]
[EventDate "2003.??.??"]

1. e4 c5 2. Nf3 d6 3. d4 cxd4 4. Nxd4 Nf6 5. Nc3 a6 6. f4 e5 7. Nf3 Nbd7 8. a4
Be7 9. Bd3 O-O 10. O-O Nc5 11. Kh1 exf4 12. Bxf4 Bg4 13. Be3 Rc8 14. Qd2 Bh5
15. Nd4 Bg6 16. Nf5 Bxf5 17. Rxf5 Ng4 18. Bg1 g6 19. Rff1 Bf6 20. h3 Be5 21.
Rf3 Bxc3 22. bxc3 Ne5 23. Rff1 Nexd3 24. cxd3 Nb3 25. Qf4 Rxc3 26. Rad1 Qe7 27.
Be3 f6 28. Qf2 Nc5 29. Qe2 Kg7 30. Bh6+ Kxh6 31. Qd2+ Kg7 32. Qxc3 Nxa4 33. Qb4
Nc5 34. Rf3 b5 35. Rdf1 h6 36. Qa5 Qb7 37. Qc3 Qe7 38. Qa3 Qe5 39. Qb4 Qe7 40.
Qd2 Qc7 41. Re3 Qb7 42. Qc2 Ne6 43. d4 Qb6 44. Qd2 Rd8 45. Rd3 b4 46. Qf2 Rf8
47. Qb2 Qb5 48. Rdf3 Ng5 49. Rf4 Nxe4 50. Rb1 Nc3 51. Re1 Rf7 52. Qc2 d5 53.
Re6 a5 54. h4 h5 55. g4 b3 56. Qxc3 b2 57. Re1 b1=Q 58. Rxb1 Qxb1+ 59. Kh2 Rb7
60. Rf2 hxg4 61. Qc6 g3+ 0-1

[Event "Solingen - Erfurt"]
[Site "BL 0203"]
[Date "2003.03.30"]
[Round "15.7"]
[White "Troyke, Christian"]
[Black "Werle, Jan"]
[Result "0-1"]
[WhiteElo "2351"]
[BlackElo "2434"]
[PlyCount "76"]
[EventDate "2003.??.??"]

1. g3 Nf6 2. Bg2 d5 3. Nf3 e6 4. O-O b6 5. d4 Nbd7 6. c4 Bb7 7. cxd5 exd5 8.
Nc3 Be7 9. Ne5 c6 10. Nd3 O-O 11. Bf4 c5 12. Qa4 cxd4 13. Qxd4 Nc5 14. Rfd1
Nce4 15. Rac1 Rc8 16. Qa4 Nxc3 17. bxc3 a6 18. Nb4 b5 19. Qb3 Rc4 20. Bg5 Qc8
21. a3 Bxb4 22. Bxf6 Bxa3 23. Qxa3 gxf6 24. e3 Qc5 25. Qb2 Rc8 26. Qe2 Qe7 27.
Bh3 R8c7 28. Bf5 h6 29. Bd3 Rxc3 30. Rxc3 Rxc3 31. Qh5 Kg7 32. Qf5 Qe5 33. Qh7+
Kf8 34. Qxh6+ Ke7 35. Qh4 d4 36. e4 Qg5 37. Qh8 Rxd3 38. Re1 Qd2 0-1

[Event "Solingen - Erfurt"]
[Site "BL 0203"]
[Date "2003.03.30"]
[Round "15.8"]
[White "Hoffmann, Michael"]
[Black "Paehtz, Elisabeth"]
[Result "1/2-1/2"]
[WhiteElo "2438"]
[BlackElo "2349"]
[PlyCount "47"]
[EventDate "2003.??.??"]

1. Nf3 Nf6 2. c4 c6 3. Nc3 d5 4. e3 a6 5. b3 Bg4 6. Be2 Nbd7 7. h3 Bxf3 8. Bxf3
e6 9. O-O Bd6 10. d4 O-O 11. Bb2 b5 12. Qd3 Rb8 13. cxd5 cxd5 14. Rfc1 Rb6 15.
Rc2 Qb8 16. Rac1 Kh8 17. g3 h6 18. Kg2 Re8 19. Ne2 Ng8 20. Nf4 Ndf6 21. Qd1 Ne7
22. Nd3 Kg8 23. Ne5 Qa8 24. Qe1 1/2-1/2

[Event "Wattenscheid - Plauen"]
[Site "BL 0203"]
[Date "2003.03.30"]
[Round "15.3"]
[White "Kindermann, Stefan"]
[Black "Appel, Ralf"]
[Result "1/2-1/2"]
[WhiteElo "2519"]
[BlackElo "2503"]
[PlyCount "47"]
[EventDate "2003.??.??"]

1. e4 Nf6 2. e5 Nd5 3. d4 d6 4. c4 Nb6 5. exd6 exd6 6. Nc3 Be7 7. Nf3 Bf5 8.
Bd3 Bg6 9. O-O O-O 10. Bxg6 hxg6 11. b3 c6 12. Bf4 Na6 13. Re1 Nc7 14. Bg3 Re8
15. a4 d5 16. c5 Nd7 17. b4 Ne6 18. Qd3 a6 19. a5 Bg5 20. Na4 Qf6 21. Nb6 Rad8
22. Nxd7 Rxd7 23. Be5 Qd8 24. Re2 1/2-1/2

[Event "Wattenscheid - Plauen"]
[Site "BL 0203"]
[Date "2003.03.30"]
[Round "15.4"]
[White "Handke, Florian"]
[Black "Gdanski, Jacek"]
[Result "0-1"]
[WhiteElo "2504"]
[BlackElo "2506"]
[PlyCount "76"]
[EventDate "2003.??.??"]

1. e4 e6 2. d4 d5 3. Nd2 c5 4. exd5 exd5 5. Ngf3 Nc6 6. Bb5 Bd6 7. dxc5 Bxc5 8.
O-O Nge7 9. Nb3 Bd6 10. Re1 O-O 11. Bg5 Qc7 12. h3 h6 13. Be3 Bf5 14. c3 Be4
15. Bc5 Rad8 16. Nfd4 Bxc5 17. Nxc5 Nxd4 18. cxd4 Nf5 19. Rc1 Qb6 20. Bf1 Nd6
21. Qd2 a5 22. Re3 Qa7 23. f3 Bg6 24. Re7 Rfe8 25. Rce1 Qb6 26. R1e5 Rxe7 27.
Rxe7 Kh7 28. b3 Qc6 29. Qxa5 b6 30. Qa4 Qc8 31. Nd3 Nf5 32. Re5 Ng3 33. Nf4 Qc1
34. Nxg6 fxg6 35. Qb5 Rc8 36. Kf2 Qf4 37. Kg1 Qxd4+ 38. Kh2 Nxf1+ 0-1

[Event "Wattenscheid - Plauen"]
[Site "BL 0203"]
[Date "2003.03.30"]
[Round "15.5"]
[White "Espig, Lutz"]
[Black "Holzke, Frank"]
[Result "1/2-1/2"]
[WhiteElo "2425"]
[BlackElo "2479"]
[PlyCount "74"]
[EventDate "2003.??.??"]

1. d4 Nf6 2. g3 d5 3. Bg2 c6 4. Nf3 Bf5 5. O-O e6 6. c4 Be7 7. Nc3 h6 8. Nd2
O-O 9. e4 dxe4 10. Ndxe4 Nbd7 11. Nxf6+ Bxf6 12. Be3 Nb6 13. b3 e5 14. d5 e4
15. Bd4 Re8 16. Re1 cxd5 17. c5 Nd7 18. Nxd5 Ne5 19. Nxf6+ Qxf6 20. b4 Rad8 21.
Bxe5 Qxe5 22. Qa4 Rd2 23. Rad1 Red8 24. Rxd2 Rxd2 25. Qxa7 e3 26. c6 Re2 27.
Rf1 bxc6 28. fxe3 Qe6 29. Qd4 Rxg2+ 30. Kxg2 Bh3+ 31. Kg1 Qxa2 32. Qd8+ Kh7 33.
Qd3+ g6 34. Rf2 Qa1+ 35. Rf1 Qa2 36. Rf2 Qa1+ 37. Rf1 Qa2 1/2-1/2

[Event "Wattenscheid - Plauen"]
[Site "BL 0203"]
[Date "2003.03.30"]
[Round "15.6"]
[White "Dinstuhl, Volkmar"]
[Black "Brendel, Oliver"]
[Result "1/2-1/2"]
[WhiteElo "2416"]
[BlackElo "2378"]
[PlyCount "94"]
[EventDate "2003.??.??"]

1. d4 Nf6 2. c4 g6 3. Nc3 d5 4. Bf4 Bg7 5. e3 c5 6. dxc5 Qa5 7. Rc1 dxc4 8.
Bxc4 O-O 9. Nge2 Qxc5 10. Qb3 Qh5 11. Nb5 Na6 12. Ng3 Qh4 13. Nd4 Nd7 14. Nf3
Qf6 15. Rc2 Qb6 16. O-O Qxb3 17. Bxb3 Ndc5 18. Bc4 Nb4 19. Rd2 Be6 20. Bxe6
Nxe6 21. Be5 Rfd8 22. Rxd8+ Rxd8 23. Bxg7 Kxg7 24. a3 Nd3 25. Rb1 Rc8 26. Ne1
Nxe1 27. Rxe1 Rc2 28. Re2 Rc1+ 29. Nf1 Nc5 30. Rd2 Rb1 31. g3 a5 32. Kg2 Kf6
33. Rd5 b6 34. Nd2 Rxb2 35. Nc4 Ra2 36. Nxb6 Ne4 37. Kf3 Ng5+ 38. Kg2 Rxa3 39.
Nc4 Rc3 40. Nxa5 Rc2 41. Rd4 e5 42. Rb4 h5 43. h4 Ne6 44. Nc4 Rc1 45. Nd2 Nc5
46. Rb6+ Kg7 47. Rc6 Nb3 1/2-1/2

[Event "Wattenscheid - Plauen"]
[Site "BL 0203"]
[Date "2003.03.30"]
[Round "15.7"]
[White "Sandner, Gunter"]
[Black "Ellers, Holger"]
[Result "0-1"]
[WhiteElo "2323"]
[BlackElo "2425"]
[PlyCount "78"]
[EventDate "2003.??.??"]

1. Nf3 c5 2. e4 Nc6 3. Bb5 g6 4. O-O Bg7 5. Re1 Nf6 6. e5 Nd5 7. Nc3 Nc7 8. d3
Nd4 9. Bc4 O-O 10. a4 d5 11. exd6 exd6 12. Nxd4 Bxd4 13. Qf3 Be6 14. Bh6 Re8
15. Bxe6 fxe6 16. Qg3 Bg7 17. Bg5 Qd7 18. Ne4 e5 19. Qh4 Ne6 20. Bf6 Rf8 21.
Re3 Nd4 22. Rh3 Bxf6 23. Nxf6+ Rxf6 24. Qxf6 Rf8 25. Qh4 Rf4 26. Qg5 Nxc2 27.
Rf1 Nd4 28. Re3 Kg7 29. Rh3 Nf5 30. g3 Rxa4 31. Kg2 h6 32. Qd2 Rd4 33. b3 Qc6+
34. f3 Qd5 35. Rd1 g5 36. Kf2 Rb4 37. Rxh6 Kxh6 38. h4 Qd4+ 39. Kg2 Qe3 0-1

[Event "Wattenscheid - Plauen"]
[Site "BL 0203"]
[Date "2003.03.30"]
[Round "15.8"]
[White "Straeter, Timo"]
[Black "Kuraszkiewicz, Michael"]
[Result "1-0"]
[WhiteElo "2329"]
[BlackElo "2323"]
[PlyCount "109"]
[EventDate "2003.??.??"]

1. d4 Nf6 2. Nf3 e6 3. e3 c5 4. Bd3 Nc6 5. O-O d5 6. b3 Be7 7. Bb2 O-O 8. Nbd2
cxd4 9. exd4 Nd7 10. a3 Bf6 11. b4 g6 12. Qe2 Bg7 13. Rfe1 Nb6 14. Nb3 Na4 15.
Bc1 a5 16. b5 Na7 17. Bg5 Qc7 18. c4 dxc4 19. Bxc4 Nb6 20. Bd3 Nd5 21. Qd2 b6
22. Bh6 a4 23. Bxg7 Kxg7 24. Nc1 Qc3 25. Ne2 Qxd2 26. Nxd2 Bd7 27. Rab1 Rfd8
28. Ne4 Be8 29. Rec1 h6 30. Bc4 Nf6 31. N4c3 Nc8 32. Rb4 Nd6 33. Bd3 Rdc8 34.
h3 Rcb8 35. Rcb1 Ra5 36. Rxa4 Rxa4 37. Nxa4 Ra8 38. Nec3 Nd5 39. Rb3 Nxc3 40.
Nxc3 Ra5 41. a4 Ra8 42. Rb4 Rc8 43. Ne4 Rc1+ 44. Kh2 Nf5 45. g4 Nh4 46. Nd6 Kf8
47. a5 bxa5 48. b6 Bc6 49. b7 Bxb7 50. Rxb7 f5 51. gxf5 gxf5 52. Kg3 Ng6 53.
Bc4 Rc3+ 54. f3 Re3 55. Rf7+ 1-0

[Event "Tegernsee - Kreuzberg"]
[Site "BL 0203"]
[Date "2003.03.30"]
[Round "15.2"]
[White "Sokolov, Andrei"]
[Black "Tischbierek, Raj"]
[Result "1/2-1/2"]
[WhiteElo "2587"]
[BlackElo "2523"]
[PlyCount "36"]
[EventDate "2003.??.??"]

1. e4 Nf6 2. e5 Nd5 3. d4 d6 4. Nf3 Bg4 5. Be2 e6 6. O-O Be7 7. h3 Bh5 8. c4
Nb6 9. Nc3 O-O 10. Be3 d5 11. c5 Bxf3 12. gxf3 Nc8 13. f4 Nc6 14. a3 Bh4 15.
Bd3 g6 16. Qg4 f5 17. Qf3 N8e7 18. Kh2 Kh8 1/2-1/2

[Event "Tegernsee - Kreuzberg"]
[Site "BL 0203"]
[Date "2003.03.30"]
[Round "15.4"]
[White "Boensch, Uwe"]
[Black "Maiwald, Jens-Uwe"]
[Result "0-1"]
[WhiteElo "2540"]
[BlackElo "2516"]
[PlyCount "82"]
[EventDate "2003.??.??"]

1. d4 Nf6 2. c4 g6 3. Nc3 Bg7 4. e4 d6 5. Bd3 O-O 6. Nge2 Nc6 7. O-O Nh5 8. d5
Ne5 9. f4 Nxd3 10. Qxd3 c6 11. Be3 Bd7 12. Bd4 Rc8 13. dxc6 bxc6 14. Bxg7 Nxg7
15. b3 Qa5 16. h3 Rcd8 17. Rad1 f5 18. Kh2 fxe4 19. Qxe4 Rde8 20. Rf3 Kh8 21.
Qe3 c5 22. Qd2 Bc6 23. Rd3 Qa6 24. Re1 Rf7 25. Nd5 Ref8 26. Ng3 Qb7 27. Rde3 e6
28. Nc3 d5 29. cxd5 exd5 30. Rf3 g5 31. Re5 gxf4 32. Nh5 d4 33. Rf2 Nxh5 34.
Rxh5 Qe7 35. Nd1 Rg8 36. Kg1 Rfg7 37. g4 fxg3 38. Re2 Qf7 39. Rxc5 Qf3 40. Rxc6
Rf8 41. Rf6 Qxf6 0-1

[Event "Tegernsee - Kreuzberg"]
[Site "BL 0203"]
[Date "2003.03.30"]
[Round "15.5"]
[White "Kalinitschew, Sergey"]
[Black "Teske, Henrik"]
[Result "0-1"]
[WhiteElo "2485"]
[BlackElo "2527"]
[PlyCount "50"]
[EventDate "2003.??.??"]

1. d4 Nf6 2. c4 c5 3. d5 b5 4. cxb5 a6 5. bxa6 g6 6. Nc3 Bxa6 7. e4 Bxf1 8.
Kxf1 d6 9. Nge2 Bg7 10. h3 O-O 11. Kg1 e6 12. dxe6 fxe6 13. e5 dxe5 14. Qxd8
Rxd8 15. Be3 Na6 16. Kh2 Nd5 17. Bg5 Rdb8 18. b3 e4 19. Rhc1 Nab4 20. Kg1 Nd3
21. Rc2 Rxb3 22. Bd2 N5b4 23. Rcc1 Nxc1 24. Rxc1 Nxa2 25. Ra1 Rba3 0-1

[Event "Tegernsee - Kreuzberg"]
[Site "BL 0203"]
[Date "2003.03.30"]
[Round "15.6"]
[White "Hertneck, Gerald"]
[Black "Volke, Karsten"]
[Result "1/2-1/2"]
[WhiteElo "2502"]
[BlackElo "2457"]
[PlyCount "129"]
[EventDate "2003.??.??"]

1. c4 Nf6 2. Nc3 e6 3. Nf3 Bb4 4. g3 b6 5. Bg2 Bb7 6. O-O O-O 7. a3 Bxc3 8.
bxc3 d6 9. d3 Nbd7 10. e4 Nc5 11. Nd4 Nfd7 12. f4 f5 13. exf5 Bxg2 14. Kxg2
exf5 15. Be3 Qf6 16. Bg1 Rae8 17. Qf3 Ne6 18. Rae1 Ndc5 19. Re3 Nxd4 20. cxd4
Rxe3 21. Qxe3 Nd7 22. Re1 d5 23. cxd5 Qd6 24. Qe6+ Rf7 25. Rc1 Nf8 26. Qxd6
cxd6 27. Kf3 Rd7 28. g4 fxg4+ 29. Kxg4 Ng6 30. Kf3 Ne7 31. Ke4 Kf7 32. Bf2 g6
33. a4 Nf5 34. a5 bxa5 35. Ra1 a6 36. Rxa5 Ra7 37. Kf3 Ke8 38. Kg4 Kf7 39. Be1
h5+ 40. Kh3 Re7 41. Bf2 Ra7 42. Kg2 Ke8 43. Kf3 Kd8 44. Ke2 Kc7 45. Kd2 Kb6 46.
Ra1 a5 47. Kc3 Ne7 48. Kb3 Kb5 49. Be1 Nxd5 50. Bd2 a4+ 51. Ka3 Re7 52. Rb1+
Kc6 53. Rc1+ Kd7 54. Rg1 Re2 55. Bc1 Rxh2 56. Rxg6 Rh1 57. Bd2 h4 58. f5 h3 59.
Rh6 h2 60. Kb2 Kc6 61. f6 Nxf6 62. Bf4 a3+ 63. Ka2 Ng4 64. Rxd6+ Kb5 65. Bxh2
1/2-1/2

[Event "Tegernsee - Kreuzberg"]
[Site "BL 0203"]
[Date "2003.03.30"]
[Round "15.7"]
[White "Muse, Drazen"]
[Black "Kachiani-Gersinska, K."]
[Result "1/2-1/2"]
[WhiteElo "2442"]
[BlackElo "2439"]
[PlyCount "57"]
[EventDate "2003.??.??"]

1. Nf3 Nf6 2. c4 g6 3. Nc3 Bg7 4. g3 O-O 5. Bg2 d6 6. O-O a6 7. d4 Nc6 8. h3
Bd7 9. Be3 e6 10. Qd2 Na5 11. b3 b5 12. Bg5 Rc8 13. Bxf6 Bxf6 14. Ne4 Nc6 15.
Nxf6+ Qxf6 16. cxb5 axb5 17. Rac1 Ne7 18. Rc2 Bc6 19. Rfc1 Bxf3 20. Bxf3 Nf5
21. Rxc7 Rxc7 22. Rxc7 Qxd4 23. Qxd4 Nxd4 24. Kg2 Nxf3 25. Kxf3 Ra8 26. Rb7
Rxa2 27. Rxb5 d5 28. Ke3 Kg7 29. f4 1/2-1/2

[Event "Tegernsee - Kreuzberg"]
[Site "BL 0203"]
[Date "2003.03.30"]
[Round "15.8"]
[White "Bromberger, Stefan"]
[Black "Loeffler, Stefan"]
[Result "0-1"]
[WhiteElo "2414"]
[BlackElo "2398"]
[PlyCount "60"]
[EventDate "2003.??.??"]

1. d4 Nf6 2. c4 e6 3. Nc3 Bb4 4. e3 d5 5. Bd3 c5 6. Nf3 O-O 7. O-O Nc6 8. a3
Bxc3 9. bxc3 dxc4 10. Bxc4 Qc7 11. h3 b6 12. Qe2 e5 13. Bb2 Bb7 14. Rfd1 Rad8
15. Rac1 e4 16. Nd2 Ne7 17. Ba2 Nf5 18. Nf1 Rfe8 19. c4 cxd4 20. exd4 Qf4 21.
Ne3 Nh4 22. c5 Nf3+ 23. Kf1 Qh2 24. Qb5 Nh5 25. gxf3 exf3 26. Ke1 Rxe3+ 27.
fxe3 Ng3 28. Rc2 Qxc2 29. Rd2 Qe4 30. Qd3 f2+ 0-1

[Event "Forchheim - Neukoelln"]
[Site "BL 0203"]
[Date "2003.03.30"]
[Round "15.1"]
[White "Slobodjan, Roman"]
[Black "Prusikin, Mikhajlo"]
[Result "1/2-1/2"]
[WhiteElo "2521"]
[BlackElo "2504"]
[PlyCount "40"]
[EventDate "2003.??.??"]

1. e4 c5 2. Nf3 e6 3. c3 d5 4. exd5 Qxd5 5. d4 Nf6 6. Be2 Be7 7. O-O Nc6 8. Na3
O-O 9. Nb5 Qd8 10. dxc5 Bxc5 11. Bf4 Nd5 12. Bg3 a6 13. Nbd4 Nxd4 14. Nxd4 Bd6
15. Bf3 Bxg3 16. hxg3 Nf6 17. Nb3 Qc7 18. Qd4 Bd7 19. Rad1 Bc6 20. Qd6 Rfc8
1/2-1/2

[Event "Forchheim - Neukoelln"]
[Site "BL 0203"]
[Date "2003.03.30"]
[Round "15.2"]
[White "Jansa, Vlastimil"]
[Black "Stohl, Igor Dr"]
[Result "1/2-1/2"]
[WhiteElo "2500"]
[BlackElo "2547"]
[PlyCount "56"]
[EventDate "2003.??.??"]

1. e4 c5 2. Nf3 d6 3. d4 cxd4 4. Nxd4 Nf6 5. Nc3 a6 6. Be2 e6 7. a4 Nc6 8. Be3
Be7 9. O-O O-O 10. f4 Qc7 11. Kh1 Re8 12. Bf3 Bf8 13. Qd2 Na5 14. b3 Rb8 15.
Rad1 b6 16. e5 dxe5 17. fxe5 Nd7 18. Bf4 Nxe5 19. Qe3 f6 20. Ne4 Bc5 21. Nxc5
bxc5 22. Ne2 c4 23. Qc3 Bb7 24. Bxe5 Qxe5 25. Qxe5 fxe5 26. Bxb7 Rxb7 27. Rd6
cxb3 28. cxb3 Nxb3 1/2-1/2

[Event "Forchheim - Neukoelln"]
[Site "BL 0203"]
[Date "2003.03.30"]
[Round "15.3"]
[White "Berndt, Stephan"]
[Black "Jirovsky, Milos"]
[Result "0-1"]
[WhiteElo "2482"]
[BlackElo "2457"]
[PlyCount "162"]
[EventDate "2003.??.??"]

1. e4 c5 2. Nf3 g6 3. d4 Bg7 4. c4 Qb6 5. dxc5 Qxc5 6. Be2 d6 7. O-O Bg4 8. Be3
Qb4 9. Nbd2 Nd7 10. Rb1 Ngf6 11. a3 Qa5 12. b4 Qc7 13. Nd4 Bxe2 14. Qxe2 O-O
15. Rfc1 a5 16. f3 axb4 17. axb4 Ra2 18. Nb5 Qb8 19. Nc3 Ra3 20. Nb5 Ra6 21.
Nb3 Rc8 22. Bd4 Bh6 23. Rc2 Ne8 24. Nc3 Nc7 25. Nd5 Re8 26. c5 Ne6 27. Bf2 Nf6
28. Qc4 Qa8 29. Nb6 Qd8 30. b5 Ra3 31. c6 bxc6 32. bxc6 Nc7 33. Qb4 Ra6 34. Na5
Nh5 35. Nb7 Qb8 36. Nd7 Qc8 37. Nb6 Qe6 38. Qc4 Nf4 39. Qxe6 fxe6 40. Be3 Nh3+
41. Kf1 Bxe3 42. Nc4 Bf4 43. gxh3 Rxc6 44. Nba5 Ra6 45. Rb6 Rxb6 46. Nxb6 Nb5
47. Nc6 Be3 48. Nc4 Bc5 49. Ke2 Kf8 50. Rb2 Rc8 51. Rxb5 Rxc6 52. Kd3 Ra6 53.
Rb8+ Kg7 54. Rb7 Ra7 55. Rb2 Kh6 56. f4 d5 57. exd5 exd5 58. Ne5 Ra3+ 59. Ke2
Rxh3 60. Rb5 Rxh2+ 61. Kf3 Rh3+ 62. Ke2 Ba3 63. Rxd5 Kg7 64. Nf3 h6 65. Rd1 Bd6
66. Ke3 Rh5 67. Nd4 Bc5 68. Ke4 Bxd4 69. Rxd4 Rh4 70. Ke5 Kf7 71. Rd8 Rh3 72.
Ke4 Ra3 73. Rb8 h5 74. Rh8 Rb3 75. Ke5 Re3+ 76. Kd4 Re1 77. Kd3 Kg7 78. Ra8 h4
79. Ra2 Kh6 80. Rg2 e5 81. Rg4 exf4 0-1

[Event "Forchheim - Neukoelln"]
[Site "BL 0203"]
[Date "2003.03.30"]
[Round "15.4"]
[White "Heidrich, Manfred"]
[Black "Polzin, Rainer"]
[Result "1/2-1/2"]
[WhiteElo "2415"]
[BlackElo "2462"]
[PlyCount "61"]
[EventDate "2003.??.??"]

1. e4 g6 2. d4 Bg7 3. Nc3 d6 4. Be2 Nc6 5. Nf3 Bg4 6. Be3 Nf6 7. O-O O-O 8. h3
Bxf3 9. Bxf3 e5 10. dxe5 dxe5 11. Nb5 Qe7 12. c3 Rfd8 13. Qe2 Ne8 14. Rfd1 Bf8
15. Na3 Rxd1+ 16. Rxd1 Qe6 17. Nc4 Nd6 18. Nxd6 Bxd6 19. Qb5 Rb8 20. Qb3 Qxb3
21. axb3 a5 22. Be2 Kf8 23. g3 Ke7 24. Kg2 Nd8 25. Bd3 b6 26. f4 Ne6 27. Kf3
Rd8 28. Bc2 Bc5 29. Rxd8 Kxd8 30. Bd2 Bd6 31. Be3 1/2-1/2